[Event "Siegener SV 1 - Herforder SV Königsspri"]
[Site "NRW-Klasse, Gruppe 2 2016/201"]
[Date "2017.02.12"]
[Round "6.1"]
[White "Kirnos, Evgeni"]
[Black "Schischke, Reinhard"]
[Result "1-0"]
[WhiteElo "2156"]
[BlackElo "2182"]
[Annotator "Daniel"]
[PlyCount "59"]
[EventDate "2017.??.??"]
[WhiteTeam "Herforder SV Königsspringer 1"]
[BlackTeam "Siegener SV 1"]

1. e4 e6 2. d3 b6 3. g3 d5 4. Bg2 dxe4 5. Bxe4 c6 6. Bg2 Nf6 7. Nf3 Bb7 8. O-O
Qc7 9. Nc3 Bd6 10. Qe2 O-O 11. Bg5 Nbd7 12. Rad1 Rfe8 13. a3 a6 14. Ne4 Nxe4
15. dxe4 c5 $11 16. Qd2 Ne5 17. Qxd6 Qxd6 18. Rxd6 Nc4 19. Rd7 Bxe4 20. Re1 Bd5
21. Bc1 b5 22. Rc7 Rec8 23. Rxc8+ Rxc8 24. Ne5 Nxe5 25. Rxe5 Bxg2 26. Kxg2 Kf8
27. Be3 c4 28. Rc5 Rd8 29. Rc6 a5 30. Rc5 1-0

[Event "Siegener SV 1 - Herforder SV Königsspri"]
[Site "NRW-Klasse, Gruppe 2 2016/201"]
[Date "2017.02.12"]
[Round "6.2"]
[White "Richter, Gerald"]
[Black "Nordsieck, Thomas"]
[Result "1/2-1/2"]
[WhiteElo "2057"]
[BlackElo "2287"]
[PlyCount "62"]
[EventDate "2017.??.??"]
[WhiteTeam "Siegener SV 1"]
[BlackTeam "Herforder SV Königsspringer 1"]

1. d4 g6 2. c4 Bg7 3. Nf3 c5 4. Nc3 cxd4 5. Nxd4 b6 6. e4 Bb7 7. Be3 d6 8. Qd2
Nf6 9. f3 O-O 10. Be2 Nbd7 11. O-O Re8 12. Rfd1 a6 13. Rac1 Rc8 14. Bf1 e6 15.
Bg5 Bf8 16. Kh1 Be7 17. Be3 Qc7 18. Qf2 Qb8 19. Na4 d5 20. cxd5 exd5 21. Rxc8
Rxc8 22. exd5 Nxd5 23. Nb3 Re8 24. Bd4 Bf6 25. Bxf6 N7xf6 26. Qd4 Qe5 27. Qxe5
Rxe5 28. Kg1 h5 29. Kf2 Kf8 30. Rd4 Kg7 31. h4 Kf8 1/2-1/2

[Event "Siegener SV 1 - Herforder SV Königsspri"]
[Site "NRW-Klasse, Gruppe 2 2016/201"]
[Date "2017.02.12"]
[Round "6.3"]
[White "Wolf, Andre"]
[Black "Bouillon, Christian"]
[Result "1/2-1/2"]
[WhiteElo "2195"]
[BlackElo "2056"]
[PlyCount "98"]
[EventDate "2017.??.??"]
[WhiteTeam "Herforder SV Königsspringer 1"]
[BlackTeam "Siegener SV 1"]

1. e4 e5 2. Nf3 Nc6 3. Bb5 a6 4. Ba4 Nf6 5. O-O Be7 6. Re1 d6 7. c3 b5 8. Bc2
O-O 9. h3 h6 10. a3 Re8 11. d4 Bf8 12. Nbd2 g6 13. Nf1 Bg7 14. Ng3 Bb7 15. a4
exd4 16. cxd4 Nb4 17. Bb1 c5 18. d5 Nd7 19. Ra3 Nb6 20. b3 bxa4 21. h4 axb3 22.
Rxb3 Nc4 23. h5 Qf6 24. Nh2 Bc8 25. Qe2 Ne5 26. f4 Nd7 27. e5 dxe5 28. Ne4 Qe7
29. hxg6 fxg6 30. d6 Qf7 31. Nxc5 Nxc5 32. Rxb4 Bf5 33. Bxf5 gxf5 34. Qc2 Ne4
35. Rc4 Nxd6 36. Rc6 Ne4 37. Nf3 exf4 38. Bxf4 a5 39. Bxh6 Bxh6 40. Rxh6 Qa7+
41. Kh2 Kg7 42. Qc6 Qb8+ 43. Kh1 Ng3+ 44. Kg1 Rxe1+ 45. Nxe1 Qa7+ 46. Kh2 Nf1+
47. Kh1 Ng3+ 48. Kh2 Nf1+ 49. Kh1 Ng3+ 1/2-1/2

[Event "Siegener SV 1 - Herforder SV Königsspri"]
[Site "NRW-Klasse, Gruppe 2 2016/201"]
[Date "2017.02.12"]
[Round "6.4"]
[White "Becker, Frank"]
[Black "Pieper-Emden, Carsten"]
[Result "1/2-1/2"]
[WhiteElo "2031"]
[BlackElo "2161"]
[PlyCount "34"]
[EventDate "2017.??.??"]
[WhiteTeam "Siegener SV 1"]
[BlackTeam "Herforder SV Königsspringer 1"]

1. d4 Nf6 2. Nf3 e6 3. e3 b6 4. Bd3 c5 5. O-O Be7 6. b3 Bb7 7. Bb2 O-O 8. Nbd2
d6 9. c3 Nbd7 10. Rc1 Rc8 11. e4 Qc7 12. Re1 e5 13. Nf1 Rfe8 14. Ng3 Bf8 15.
Bc4 h6 16. dxe5 Nxe5 17. Nxe5 dxe5 1/2-1/2

[Event "Siegener SV 1 - Herforder SV Königsspri"]
[Site "NRW-Klasse, Gruppe 2 2016/201"]
[Date "2017.02.12"]
[Round "6.5"]
[White "Bentel, Robin"]
[Black "Schmidt, Matthias"]
[Result "0-1"]
[WhiteElo "1974"]
[BlackElo "1881"]
[PlyCount "72"]
[EventDate "2017.??.??"]
[WhiteTeam "Herforder SV Königsspringer 1"]
[BlackTeam "Siegener SV 1"]

1. Nf3 d6 2. b3 Nf6 3. Bb2 g6 4. e3 Bg7 5. c4 O-O 6. Be2 Na6 7. d3 e5 8. Nbd2
c5 9. a3 b6 10. Qc2 Bb7 11. h3 Nd7 12. g4 h6 13. O-O-O Nc7 14. h4 a6 15. g5 h5
16. Rhg1 b5 17. Ne4 Qe7 18. Ng3 d5 19. Nd2 d4 20. Nde4 Bxe4 21. Nxe4 Ne6 22.
Rdf1 bxc4 23. dxc4 Rab8 24. Ng3 Rb6 25. Bxh5 Rfb8 26. b4 cxb4 27. a4 b3 28. Qe2
d3 29. Qxd3 Ndc5 30. Qe2 Nxa4 31. Ne4 Nxb2 32. Kxb2 Nc5 33. Bf3 Na4+ 34. Kb1
Qa3 35. c5 Rb4 36. Rg4 Rxe4 0-1

[Event "Siegener SV 1 - Herforder SV Königsspri"]
[Site "NRW-Klasse, Gruppe 2 2016/201"]
[Date "2017.02.12"]
[Round "6.6"]
[White "Lindner, Torsten"]
[Black "Loemker, Michael"]
[Result "0-1"]
[WhiteElo "1903"]
[BlackElo "2028"]
[Annotator "Daniel"]
[PlyCount "102"]
[EventDate "2017.??.??"]
[WhiteTeam "Siegener SV 1"]
[BlackTeam "Herforder SV Königsspringer 1"]

1. e4 g6 2. d4 Bg7 3. Nf3 d6 4. Bd3 Nf6 5. O-O O-O 6. h3 Nc6 7. c3 e5 8. Nbd2
Nh5 9. Nb3 h6 10. Re1 a5 11. a4 Nf4 12. Bxf4 exf4 13. d5 Ne5 14. Nxe5 Bxe5 15.
Nd4 Kg7 16. Rb1 Qf6 17. Nf3 Bd7 18. Nxe5 Qxe5 19. Bc2 $11 Rfe8 20. Qd4 b6 21.
Qxe5+ Rxe5 22. f3 h5 23. Kf2 g5 24. b3 Kf6 25. Rbd1 Ree8 26. g4 Rh8 27. Rh1 Ke5
28. Bd3 Kf6 29. Be2 Rh6 30. Kg2 Rah8 31. Rdg1 Ke5 32. Rd1 hxg4 33. hxg4 Rxh1
34. Rxh1 Rxh1 35. Kxh1 c6 36. dxc6 Bxc6 37. Bc4 f5 38. gxf5 g4 39. Kg1 g3 40.
Kg2 d5 41. Bd3 Be8 42. exd5 Kxd5 43. Bc4+ Ke5 44. Bd3 Bd7 45. Bb5 Bxf5 46. b4
Bc8 47. Bd3 Bb7 48. Bc2 Bd5 49. Bd1 Bc4 50. Bc2 Kd6 51. Be4 Bb3 0-1

[Event "Siegener SV 1 - Herforder SV Königsspri"]
[Site "NRW-Klasse, Gruppe 2 2016/201"]
[Date "2017.02.12"]
[Round "6.7"]
[White "Hanisch, Bernd"]
[Black "Doehner, Hans-Juergen"]
[Result "1-0"]
[WhiteElo "2002"]
[BlackElo "1835"]
[PlyCount "129"]
[EventDate "2017.??.??"]
[WhiteTeam "Herforder SV Königsspringer 1"]
[BlackTeam "Siegener SV 1"]

1. c4 c5 2. Nf3 g6 3. d4 Bg7 4. g3 cxd4 5. Nxd4 Nc6 6. Nc2 d6 7. Bg2 Nf6 8. Nc3
O-O 9. O-O a6 10. Ne3 Bd7 11. Bd2 Rb8 12. Rc1 Qc8 13. Ncd5 b6 14. Bc3 Ne8 15.
Bxg7 Kxg7 16. Qd2 Bh3 17. Rfd1 Bxg2 18. Kxg2 Qb7 19. f3 e6 20. Qc3+ f6 21. Nf4
Qf7 22. Nd3 Rc8 23. Qd2 h5 24. h4 Qb7 25. b3 Rd8 26. Qb2 Kh7 27. Rd2 Rd7 28.
Nf4 e5 29. Nfd5 Nd4 30. Nc2 Ne6 31. Rcd1 f5 32. e3 g5 33. hxg5 Nxg5 34. Rh1 Kg6
35. Rdd1 Nf6 36. Ne1 Nxd5 37. Rxd5 e4 38. f4 Nh7 39. Qd2 Qc7 40. Nc2 Nf6 41.
Rd4 a5 42. Na3 Qd8 43. Nb5 d5 44. Rd1 Rff7 45. cxd5 Ng4 46. d6 h4 47. gxh4 Rh7
48. Rh1 Rxh4 49. Rxh4 Qxh4 50. Kf1 Qh1+ 51. Ke2 Qf3+ 52. Ke1 Rh7 53. Qe2 Rh1+
54. Kd2 Rh2 55. Qxh2 Qxe3+ 56. Kd1 Nxh2 57. d7 Qxf4 58. d8=Q Qf1+ 59. Kc2 Ng4
60. Qxb6+ Kh5 61. Rd7 Qe2+ 62. Kb1 Ne3 63. Rh7+ Kg4 64. Rg7+ Kh4 65. Qf6+ 1-0

[Event "Siegener SV 1 - Herforder SV Königsspri"]
[Site "NRW-Klasse, Gruppe 2 2016/201"]
[Date "2017.02.12"]
[Round "6.8"]
[White "Besser, Jochen"]
[Black "Quelle, Helmut"]
[Result "1/2-1/2"]
[WhiteElo "1848"]
[BlackElo "2031"]
[PlyCount "102"]
[EventDate "2017.??.??"]
[WhiteTeam "Siegener SV 1"]
[BlackTeam "Herforder SV Königsspringer 1"]

1. d4 Nf6 2. Nf3 g6 3. Nc3 d5 4. Bf4 Bg7 5. e3 O-O 6. Be2 c6 7. Ne5 Nfd7 8. h4
Nxe5 9. dxe5 Nd7 10. e6 fxe6 11. h5 e5 12. Bg3 Nc5 13. hxg6 hxg6 14. Qd2 b5 15.
b4 e4 16. bxc5 b4 17. Nd1 Bxa1 18. Qxb4 Bf6 19. f3 Bf5 20. Nf2 exf3 21. gxf3
Kg7 22. e4 dxe4 23. fxe4 a5 24. Qc4 Bc8 25. e5 Bg5 26. Ne4 Be3 27. e6 Qd4 28.
c3 Qxc4 29. Be5+ Rf6 30. Bxc4 Bf4 31. Bxf6+ exf6 32. Nd6 Bxd6 33. cxd6 Bxe6 34.
Bxe6 Re8 35. Kf2 Rxe6 36. Rd1 Re8 37. c4 c5 38. Rd5 Rd8 39. Rxc5 Rxd6 40. Rxa5
Rc6 41. c5 g5 42. Ke3 f5 43. Kd4 g4 44. Rb5 g3 45. Ke3 Ra6 46. Rb2 Ra3+ 47. Kf4
Kf6 48. Rb6+ Ke7 49. Rg6 Rxa2 50. Kxg3 Rc2 51. c6 Kd8 1/2-1/2

[Event "SC Rochade Emsdetten 1 - SV Kamen 1"]
[Site "NRW-Klasse, Gruppe 2 2016/201"]
[Date "2017.02.12"]
[Round "6.1"]
[White "Weidemann, Christian"]
[Black "Henrichs, Thomas"]
[Result "0-1"]
[WhiteElo "2321"]
[BlackElo "2457"]
[Annotator "Daniel"]
[PlyCount "74"]
[EventDate "2017.??.??"]
[WhiteTeam "SV Kamen 1"]
[BlackTeam "SC Rochade Emsdetten 1"]

1. e4 e6 2. Nf3 d5 3. exd5 exd5 4. d4 Nc6 5. Bf4 Bd6 6. Bxd6 Qxd6 7. c3 Bg4 8.
Be2 Bxf3 9. Bxf3 Nf6 10. O-O O-O 11. Nd2 Rfe8 12. Qb3 Re6 13. Rae1 b6 14. Re3
Rae8 15. Rfe1 g6 16. Qb5 Rxe3 17. Rxe3 Rxe3 18. fxe3 Qe6 19. Qe2 Ne7 20. e4 $11
dxe4 21. Nxe4 Kg7 22. Ng5 Qd6 23. Qc4 Ned5 24. h3 h6 25. Bxd5 Nxd5 26. Ne4 Qe6
27. Qd3 f5 28. Nd2 Qe3+ 29. Qxe3 Nxe3 30. c4 Nd1 31. b3 Nc3 32. Kf2 Nxa2 33.
Ke3 Nb4 34. Nf3 Kf6 35. h4 g5 36. hxg5+ hxg5 37. Ng1 Nc2+ 0-1

[Event "SC Rochade Emsdetten 1 - SV Kamen 1"]
[Site "NRW-Klasse, Gruppe 2 2016/201"]
[Date "2017.02.12"]
[Round "6.2"]
[White "Kabatianski, Alexander"]
[Black "Himmel, Hansjoerg"]
[Result "1/2-1/2"]
[WhiteElo "2332"]
[BlackElo "2196"]
[PlyCount "82"]
[EventDate "2017.??.??"]
[WhiteTeam "SC Rochade Emsdetten 1"]
[BlackTeam "SV Kamen 1"]

1. d4 Nf6 2. c4 e6 3. g3 Bb4+ 4. Bd2 Qe7 5. Bg2 a5 6. Nf3 Bxd2+ 7. Qxd2 d6 8.
Nc3 e5 9. O-O O-O 10. e4 Bg4 11. Nh4 Nc6 12. d5 Nd4 13. Nb5 Nxb5 14. cxb5 Nd7
15. f3 Bh5 16. Bh3 Nc5 17. b3 f6 18. Rfe1 Be8 19. Bf1 Bd7 20. Bc4 f5 21. exf5
Bxf5 22. Rac1 Bh3 23. Rc3 Qf6 24. Ng2 Rae8 25. Rce3 Bxg2 26. Kxg2 b6 27. a3 Re7
28. b4 axb4 29. axb4 Nd7 30. Bd3 Ref7 31. Qc2 g6 32. Qxc7 Nc5 33. Qxb6 e4 34.
Bxe4 Nxe4 35. Rxe4 Qxf3+ 36. Kg1 Qd3 37. Qe3 Qxb5 38. Qe2 Qxd5 39. Rd1 Qc6 40.
Red4 Qb6 41. Qe6 Rb8 1/2-1/2

[Event "SC Rochade Emsdetten 1 - SV Kamen 1"]
[Site "NRW-Klasse, Gruppe 2 2016/201"]
[Date "2017.02.12"]
[Round "6.3"]
[White "Luetke, Jens"]
[Black "Hiller, Simon"]
[Result "1/2-1/2"]
[WhiteElo "2174"]
[BlackElo "2149"]
[PlyCount "34"]
[EventDate "2017.??.??"]
[WhiteTeam "SV Kamen 1"]
[BlackTeam "SC Rochade Emsdetten 1"]

1. d4 d5 2. Bf4 c5 3. e3 Nc6 4. Nf3 Nf6 5. Nc3 a6 6. dxc5 e6 7. Na4 Nd7 8. c3
Nxc5 9. Nxc5 Bxc5 10. Bd3 Qe7 11. e4 e5 12. Bg5 f6 13. exd5 e4 14. O-O fxg5 15.
dxc6 O-O 16. Bc4+ Kh8 17. Nd4 bxc6 1/2-1/2

[Event "SC Rochade Emsdetten 1 - SV Kamen 1"]
[Site "NRW-Klasse, Gruppe 2 2016/201"]
[Date "2017.02.12"]
[Round "6.4"]
[White "Lehmann, Holger"]
[Black "Georg, Heinz"]
[Result "1-0"]
[WhiteElo "2097"]
[BlackElo "2124"]
[PlyCount "105"]
[EventDate "2017.??.??"]
[WhiteTeam "SC Rochade Emsdetten 1"]
[BlackTeam "SV Kamen 1"]

1. d4 Nf6 2. c4 g6 3. Nc3 d5 4. cxd5 Nxd5 5. g3 Bg7 6. Bg2 Nxc3 7. bxc3 c5 8.
e3 O-O 9. Ne2 Nc6 10. O-O Qc7 11. a4 Na5 12. Ba3 c4 13. Nf4 Re8 14. Nd5 Qd8 15.
e4 e6 16. Ne3 e5 17. Nd5 Be6 18. dxe5 Bxd5 19. exd5 Bxe5 20. Qc2 Nb3 21. Rad1
Bd6 22. Bb4 a5 23. Bxd6 Qxd6 24. h4 Re5 25. Rfe1 Rae8 26. Rxe5 Rxe5 27. f4 Re3
28. Kh2 h6 29. Bf1 g5 30. hxg5 hxg5 31. Qf5 gxf4 32. Qxf4 Qxf4 33. gxf4 Kf8 34.
d6 Ke8 35. Bxc4 Nc5 36. Rd5 b6 37. Bb5+ Kd8 38. Rh5 Re8 39. Kg2 Rg8+ 40. Kf3
Nb7 41. Rh6 Kc8 42. d7+ Kc7 43. Rc6+ Kb8 44. Rxb6 Kc7 45. Rc6+ Kb8 46. Rc8+
Rxc8 47. dxc8=Q+ Kxc8 48. Ba6 Kc7 49. Bxb7 Kxb7 50. Ke4 Kc6 51. Kd4 Kd6 52. c4
f6 53. f5 1-0

[Event "SC Rochade Emsdetten 1 - SV Kamen 1"]
[Site "NRW-Klasse, Gruppe 2 2016/201"]
[Date "2017.02.12"]
[Round "6.5"]
[White "Kleinegger, Frank"]
[Black "Paalman, Henk-Jan"]
[Result "1/2-1/2"]
[WhiteElo "2116"]
[BlackElo "2132"]
[PlyCount "36"]
[EventDate "2017.??.??"]
[WhiteTeam "SV Kamen 1"]
[BlackTeam "SC Rochade Emsdetten 1"]

1. d4 Nf6 2. Bf4 d5 3. e3 c5 4. c3 Nc6 5. Nd2 cxd4 6. exd4 g6 7. Ngf3 Qb6 8.
Qb3 Qxb3 9. axb3 Bg7 10. h3 Bf5 11. b4 O-O 12. Bb5 Rfc8 13. O-O a6 14. Be2 h5
15. Ra3 Nd7 16. Rfa1 e5 17. dxe5 Ncxe5 18. Ra5 Nc6 1/2-1/2

[Event "SC Rochade Emsdetten 1 - SV Kamen 1"]
[Site "NRW-Klasse, Gruppe 2 2016/201"]
[Date "2017.02.12"]
[Round "6.6"]
[White "Mueller, Achim"]
[Black "Kilian, Ralf"]
[Result "1/2-1/2"]
[WhiteElo "2034"]
[BlackElo "2110"]
[PlyCount "42"]
[EventDate "2017.??.??"]
[WhiteTeam "SC Rochade Emsdetten 1"]
[BlackTeam "SV Kamen 1"]

1. e4 e6 2. d4 d5 3. Nd2 Nf6 4. e5 Nfd7 5. Bd3 c5 6. c3 Nc6 7. Ne2 cxd4 8. cxd4
Nb6 9. Nf3 Bd7 10. O-O a5 11. a3 a4 12. Bd2 Na5 13. Bc3 Nb3 14. Rb1 Rc8 15. Re1
Nc4 16. Nc1 Nxa3 17. bxa3 Rxc3 18. Nxb3 axb3 19. Rxb3 Qc8 20. Qb1 Rxb3 21. Qxb3
Be7 1/2-1/2

[Event "SC Rochade Emsdetten 1 - SV Kamen 1"]
[Site "NRW-Klasse, Gruppe 2 2016/201"]
[Date "2017.02.12"]
[Round "6.7"]
[White "Seepe, Udo"]
[Black "Lemli, Thomas"]
[Result "1/2-1/2"]
[WhiteElo "2062"]
[BlackElo "1999"]
[PlyCount "39"]
[EventDate "2017.??.??"]
[WhiteTeam "SV Kamen 1"]
[BlackTeam "SC Rochade Emsdetten 1"]

1. d4 d5 2. c4 e6 3. Nf3 Nf6 4. g3 Bb4+ 5. Bd2 Bd6 6. Bg2 c6 7. Qc2 Nbd7 8. O-O
O-O 9. b3 e5 10. dxe5 Nxe5 11. cxd5 Nxd5 12. Nc3 Nxc3 13. Bxc3 Nxf3+ 14. Bxf3
Qe7 15. Rfd1 Be6 16. Qe4 Rfd8 17. Rd2 Bc7 18. Rad1 Rxd2 19. Rxd2 Rd8 20. Bg4
1/2-1/2

[Event "SV Letmathe 1 - SG Bochum 2"]
[Site "NRW-Klasse, Gruppe 2 2016/201"]
[Date "2017.02.12"]
[Round "6.1"]
[White "Tkachuk, Konstantyn"]
[Black "Kolosowski, Mateusz"]
[Result "1/2-1/2"]
[WhiteElo "2229"]
[BlackElo "2433"]
[Annotator "Daniel"]
[PlyCount "69"]
[EventDate "2017.??.??"]
[WhiteTeam "SG Bochum 2"]
[BlackTeam "SV Letmathe 1"]

1. e4 e5 2. Nf3 Nc6 3. Bc4 Bc5 4. d3 Nf6 5. Nc3 d6 6. h3 Be6 7. Bb3 O-O 8. Bg5
h6 9. Bh4 Nd4 10. Nxd4 Bxd4 11. Qf3 g5 12. Bg3 a5 13. Nd1 a4 14. Bxe6 fxe6 15.
c3 Bb6 16. h4 g4 17. Qe2 h5 18. Ne3 Qe8 19. O-O-O a3 20. b3 Qc6 21. Qc2 Bxe3+
22. fxe3 Rf7 23. c4 b5 24. c5 dxc5 25. Bxe5 Nd7 26. Bg3 Raf8 27. Rhe1 Nb6 $11
28. Kb1 c4 29. d4 Qe8 30. Bf4 Rh7 31. Rd2 Rd7 32. Red1 c6 33. Rf2 Qg6 34. Rdf1
Rdf7 35. g3 1/2-1/2

[Event "SV Letmathe 1 - SG Bochum 2"]
[Site "NRW-Klasse, Gruppe 2 2016/201"]
[Date "2017.02.12"]
[Round "6.2"]
[White "Podzielny, Karl-Heinz"]
[Black "Baltic, Fatih"]
[Result "1-0"]
[WhiteElo "2341"]
[BlackElo "2145"]
[PlyCount "37"]
[EventDate "2017.??.??"]
[WhiteTeam "SV Letmathe 1"]
[BlackTeam "SG Bochum 2"]

1. d4 Nf6 2. Nf3 e6 3. g3 b5 4. Bg5 Bb7 5. Nbd2 Be7 6. Bxf6 Bxf6 7. e4 a6 8. c3
c5 9. dxc5 Qc7 10. a4 Qxc5 11. Qb3 b4 12. cxb4 Qb6 13. a5 Qd8 14. Bd3 Nc6 15.
O-O Be7 16. Ra4 d5 17. exd5 exd5 18. b5 Nb8 19. Qc2 1-0

[Event "SV Letmathe 1 - SG Bochum 2"]
[Site "NRW-Klasse, Gruppe 2 2016/201"]
[Date "2017.02.12"]
[Round "6.3"]
[White "Rempe, Moritz"]
[Black "Adamski, Jan"]
[Result "1/2-1/2"]
[WhiteElo "1990"]
[BlackElo "2246"]
[PlyCount "24"]
[EventDate "2017.??.??"]
[WhiteTeam "SG Bochum 2"]
[BlackTeam "SV Letmathe 1"]

1. e4 c5 2. Nf3 a6 3. c3 g6 4. d4 cxd4 5. cxd4 d5 6. exd5 Nf6 7. Nc3 Bg7 8. Bd3
Nxd5 9. Qb3 Nb6 10. d5 O-O 11. O-O Bg4 12. Be3 N8d7 1/2-1/2

[Event "SV Letmathe 1 - SG Bochum 2"]
[Site "NRW-Klasse, Gruppe 2 2016/201"]
[Date "2017.02.12"]
[Round "6.4"]
[White "Schleining, Zoya"]
[Black "Koellner, Ruben Gideon"]
[Result "1-0"]
[WhiteElo "2329"]
[BlackElo "2079"]
[PlyCount "120"]
[EventDate "2017.??.??"]
[WhiteTeam "SV Letmathe 1"]
[BlackTeam "SG Bochum 2"]

1. d4 d6 2. e4 Nf6 3. Nc3 e5 4. dxe5 dxe5 5. Qxd8+ Kxd8 6. Bc4 Be6 7. Bxe6 fxe6
8. f3 Bd6 9. Nh3 Ke7 10. Nf2 Nc6 11. Be3 a6 12. O-O-O b5 13. Nd3 Rhb8 14. Nb1
a5 15. Nd2 Nb4 16. Kb1 Nd7 17. Nb3 Nxd3 18. Rxd3 a4 19. Nc1 h6 20. h4 b4 21.
Rdd1 Ra5 22. h5 Nc5 23. Nd3 Nd7 24. Bf2 b3 25. cxb3 axb3 26. a3 Nb6 27. Rc1 Nd7
28. Rc3 Rab5 29. Rhc1 Kd8 30. Rc6 Ke7 31. Ra6 Rc8 32. Rc3 c5 33. Bh4+ Nf6 34.
Ra7+ Kf8 35. g4 c4 36. Ra4 Nd7 37. Raxc4 Rxc4 38. Rxc4 Nc5 39. Nxc5 Rxc5 40.
Rxc5 Bxc5 41. Be1 Be3 42. Bc3 Bf4 43. a4 Ke8 44. a5 Kd7 45. Bb4 Bg5 46. Bf8 Bf6
47. Kc1 Kc6 48. Kd2 Kb5 49. Kc3 Kxa5 50. Kxb3 Kb5 51. Kc3 Kc6 52. Kc4 Kd7 53.
b4 Ke8 54. Bd6 Kd7 55. Bc5 Bd8 56. Bf8 Bf6 57. Kb5 Ke8 58. Bc5 Kf7 59. Kc6 Bd8
60. Kd7 Bh4 1-0

[Event "SV Letmathe 1 - SG Bochum 2"]
[Site "NRW-Klasse, Gruppe 2 2016/201"]
[Date "2017.02.12"]
[Round "6.5"]
[White "Stricker, Florian"]
[Black "Gruermann, Martin"]
[Result "0-1"]
[WhiteElo "2005"]
[BlackElo "2169"]
[PlyCount "86"]
[EventDate "2017.??.??"]
[WhiteTeam "SG Bochum 2"]
[BlackTeam "SV Letmathe 1"]

1. d4 d5 2. c4 Nc6 3. Nf3 Bg4 4. Bf4 e6 5. e3 Bd6 6. Bxd6 Qxd6 7. c5 Qd8 8. Qa4
Bxf3 9. gxf3 Nge7 10. Nd2 O-O 11. f4 f6 12. Bh3 e5 13. Be6+ Kh8 14. f5 Qe8 15.
O-O-O Qh5 16. Nf1 Qf3 17. Nd2 Qxf2 18. Rde1 Qh4 19. Rhf1 b5 20. cxb6 axb6 21.
Qb3 exd4 22. Nf3 Qh6 23. Kb1 dxe3 24. Qxe3 Qxe3 25. Rxe3 Ra4 26. Bd7 Rf4 27.
Rc1 d4 28. Nxd4 Rxd4 29. Bxc6 Nxf5 30. Re2 Rfd8 31. b3 R4d6 32. Rce1 g6 33. Bb7
Kg7 34. a4 c5 35. Rc1 Rd3 36. Rb2 Rd1 37. Rxd1 Rxd1+ 38. Kc2 Ne3+ 39. Kc3 Rd7
40. Bf3 Nd1+ 41. Bxd1 Rxd1 42. Kc4 Rd4+ 43. Kb5 Rb4+ 0-1

[Event "SV Letmathe 1 - SG Bochum 2"]
[Site "NRW-Klasse, Gruppe 2 2016/201"]
[Date "2017.02.12"]
[Round "6.6"]
[White "Haude, Ruediger"]
[Black "Tkachuk, Sergij"]
[Result "1/2-1/2"]
[WhiteElo "2041"]
[BlackElo "2120"]
[PlyCount "89"]
[EventDate "2017.??.??"]
[WhiteTeam "SV Letmathe 1"]
[BlackTeam "SG Bochum 2"]

1. d4 Nf6 2. Nf3 g6 3. g3 Bg7 4. Bg2 O-O 5. O-O d6 6. c4 c6 7. Nc3 Qc7 8. Qc2
a5 9. Bd2 Re8 10. h3 e5 11. dxe5 dxe5 12. Rfd1 h6 13. Be3 Be6 14. b3 Na6 15.
Na4 Nd7 16. Qc1 Kh7 17. Nh2 f5 18. Bd2 Nac5 19. Nxc5 Nxc5 20. Bc3 e4 21. Nf1
Rad8 22. Qc2 Be5 23. Bxe5 Qxe5 24. Rxd8 Rxd8 25. Rd1 Rd7 26. Rxd7+ Nxd7 27. Qd2
b6 28. f3 exf3 29. exf3 g5 30. f4 gxf4 31. gxf4 Qc5+ 32. Kh2 Kg6 33. Ng3 Nf6
34. Bf3 b5 35. Qe2 Bd7 36. cxb5 cxb5 37. Qd2 Be6 38. Nh5 Nxh5 39. Qg2+ Kf6 40.
Bxh5 Qe3 41. Qg6+ Ke7 42. Qe8+ Kd6 43. Qb8+ Ke7 44. Qe8+ Kd6 45. Qb8+ 1/2-1/2

[Event "SV Letmathe 1 - SG Bochum 2"]
[Site "NRW-Klasse, Gruppe 2 2016/201"]
[Date "2017.02.12"]
[Round "6.7"]
[White "Mazarov, Juergen"]
[Black "Pfleger, Sascha"]
[Result "1-0"]
[WhiteElo "2065"]
[BlackElo "1980"]
[Annotator "Daniel"]
[PlyCount "79"]
[EventDate "2017.??.??"]
[WhiteTeam "SG Bochum 2"]
[BlackTeam "SV Letmathe 1"]

1. e4 e6 2. d4 d5 3. Nd2 Ne7 4. exd5 exd5 5. Bd3 Ng6 6. Ne2 Bd6 7. O-O O-O 8.
c3 $11 Qf6 9. f4 c5 10. Nf3 Nh4 11. Ne5 Nc6 12. Kh1 c4 13. Bc2 Bf5 14. Bxf5
Qxf5 15. Ng3 Qc8 16. Qh5 Ng6 17. Nxg6 hxg6 18. Qxd5 Qc7 19. Qxc4 Rae8 20. Bd2
Qe7 21. Rae1 Qh4 22. Ne4 Bb8 23. Qd3 Ne7 24. Qg3 Qh5 25. Qg5 Nd5 26. Qxh5 gxh5
27. g3 Re6 28. Nc5 Rb6 29. b3 Nf6 30. c4 Bd6 31. Nd3 Ra6 32. a4 Rc6 33. d5 Rc7
34. Bc3 Nd7 35. Bd4 a6 36. Rc1 Rfc8 37. Kg2 b5 38. axb5 axb5 39. cxb5 Rb8 40.
Rc6 1-0

[Event "SV Letmathe 1 - SG Bochum 2"]
[Site "NRW-Klasse, Gruppe 2 2016/201"]
[Date "2017.02.12"]
[Round "6.8"]
[White "Hunold, Rolf"]
[Black "Haase, Thomas"]
[Result "1-0"]
[WhiteElo "1946"]
[BlackElo "2014"]
[PlyCount "59"]
[EventDate "2017.??.??"]
[WhiteTeam "SV Letmathe 1"]
[BlackTeam "SG Bochum 2"]

1. e4 c5 2. Nf3 d6 3. d4 cxd4 4. Nxd4 Nf6 5. Nc3 a6 6. Be3 e5 7. Nb3 Be6 8. Qd2
Nbd7 9. f3 h5 10. Qf2 Qc7 11. O-O-O b5 12. Kb1 Rb8 13. Nd5 Bxd5 14. exd5 Be7
15. Rg1 a5 16. Qd2 b4 17. h3 a4 18. Nc1 g6 19. g4 h4 20. g5 Nh5 21. Rg4 Qb7 22.
Rxh4 O-O 23. Rc4 Rfc8 24. Rxc8+ Rxc8 25. h4 Bd8 26. Bh3 Ba5 27. Qd3 Nc5 28.
Bxc8 Qxc8 29. Qb5 b3 30. cxb3 1-0

[Event "SK Münster 2 - SV Erkenschwick 1"]
[Site "NRW-Klasse, Gruppe 2 2016/201"]
[Date "2017.02.12"]
[Round "6.1"]
[White "Jens, Jelmer"]
[Black "Emunds, Hans Georg"]
[Result "1-0"]
[WhiteElo "2373"]
[BlackElo "2119"]
[PlyCount "129"]
[EventDate "2017.??.??"]
[WhiteTeam "SV Erkenschwick 1"]
[BlackTeam "SK Münster 2"]

1. e4 c5 2. Nf3 Nc6 3. Bb5 d6 4. O-O Bd7 5. c3 Nf6 6. Re1 a6 7. Ba4 e5 8. h3
Be7 9. d4 b5 10. Bc2 O-O 11. d5 Na5 12. b3 Qc7 13. Be3 Rfc8 14. Nbd2 c4 15. b4
Nb7 16. a4 a5 17. Qb1 Bd8 18. axb5 Bxb5 19. Ba4 Bxa4 20. Rxa4 axb4 21. Rxb4 Na5
22. Qb2 Nd7 23. Ra1 Rab8 24. Raa4 Rxb4 25. Rxb4 h6 26. Nb1 Rb8 27. Na3 Rxb4 28.
Qxb4 Qb8 29. Qxb8 Nxb8 30. Nd2 Kf8 31. Ndxc4 Nxc4 32. Nxc4 Ke7 33. f4 exf4 34.
Bxf4 Bc7 35. Kf2 Nd7 36. Kf3 h5 37. Bg5+ Ke8 38. Be3 Ke7 39. Bd4 g6 40. Kf4 Ke8
41. Kg5 Bd8+ 42. Kh6 Bc7 43. Kg7 Ke7 44. Be3 Ke8 45. Bd4 Ke7 46. Kh6 Ke8 47.
Kg5 Ke7 48. Kf4 Ke8 49. Ke3 Ke7 50. Kd3 Ke8 51. Kc2 Ke7 52. Kb3 f5 53. exf5
gxf5 54. Kb4 Nf6 55. Bxf6+ Kxf6 56. Kb5 Kg5 57. Kc6 Bd8 58. Kd7 Bf6 59. Ke6
Bxc3 60. Nxd6 Bb4 61. Nxf5 Kf4 62. d6 Bxd6 63. Nxd6 Kg3 64. Kf5 Kxg2 65. h4 1-0

[Event "SK Münster 2 - SV Erkenschwick 1"]
[Site "NRW-Klasse, Gruppe 2 2016/201"]
[Date "2017.02.12"]
[Round "6.2"]
[White "Wieder, Heiner"]
[Black "Erwich, Marc"]
[Result "1/2-1/2"]
[WhiteElo "2105"]
[BlackElo "2281"]
[Annotator "Daniel"]
[PlyCount "132"]
[EventDate "2017.??.??"]
[WhiteTeam "SK Münster 2"]
[BlackTeam "SV Erkenschwick 1"]

1. e4 e5 2. Nf3 Nc6 3. Bb5 a6 4. Bxc6 dxc6 5. O-O f6 6. d4 exd4 7. Nxd4 c5 8.
Nb3 Qxd1 9. Rxd1 Be6 10. Nc3 Bd6 11. Be3 b6 12. a4 Bxb3 13. cxb3 O-O-O 14. a5
Kb7 15. axb6 cxb6 16. Bf4 Be7 17. Rxd8 Bxd8 18. Rd1 Kc8 19. Rd6 g5 20. Bg3 h5
21. h4 gxh4 22. Bxh4 Bc7 23. Rd3 Be5 24. Nd5 Kb7 25. Rd2 Rh7 26. g3 Rd7 27. Re2
Kc6 28. Kg2 a5 29. f4 Bd4 30. Kf3 b5 31. Rc2 f5 32. Ne3 fxe4+ 33. Kxe4 Nf6+ 34.
Kf5 Nd5 35. Nxd5 Kxd5 36. Kg6 Ke4 37. Kxh5 a4 38. bxa4 bxa4 39. Kg6 Rg7+ 40.
Kh6 Rb7 41. Rc4 Rb4 42. Rc1 Rxb2 43. Be7 Rb5 44. Kg6 a3 45. f5 a2 46. f6 Rb6
47. g4 c4 48. g5 Rb1 49. f7 Rxc1 50. f8=Q a1=Q 51. Qf5+ Ke3 52. Qh3+ Kd2 53.
Qg2+ Kd3 54. Qf3+ Kc2 55. Qe4+ Kb3 56. Qb7+ Ka2 57. Qa8+ $11 Kb1 58. Qe4+ Ka2
59. Qa8+ Kb3 60. Qb7+ Ka2 61. Qa8+ Ba7 62. Qxa7+ Kb1 63. Qxa1+ Kxa1 64. Bf6+
Kb1 65. Kg7 Rf1 66. g6 Rxf6 1/2-1/2